000 00318nam a22001337a 4500
020 _a978-1-4052-1977-8
082 _a823
_bBLY/T
100 _aENID BLYTON
245 _aTHE TWINS AT ST.CLARES'S
260 _aGREAT BRITAIN
_bEGMONT
_c1941
300 _a182
650 _aCHILDREN'S STORY BOOK
_zUNITED KINGDOM
942 _cBK
999 _c152
_d152